ბათუმის შოთა რუსთაველის სახელმწიფო უნივერსიტეტის ბიბლიოთეკა

Angels Falling (ბიბ.ჩანაწერი № 44756)

000 -LEADER
fixed length control field 00399nam a2200193Ia 4500
001 - CONTROL NUMBER
control field 11561
003 - CONTROL NUMBER IDENTIFIER
control field GE_BSU
008 - FIXED-LENGTH DATA ELEMENTS--GENERAL INFORMATION
fixed length control field 181216s||||||||xx |||||||||||||| ||und||
020 ## - INTERNATIONAL STANDARD BOOK NUMBER
International Standard Book Number 0525945814
040 ## - CATALOGING SOURCE
Transcribing agency GE_BSU
100 ## - MAIN ENTRY--PERSONAL NAME
Personal name Chevalier,Tracy
245 ## - TITLE STATEMENT
Title Angels Falling
260 ## - PUBLICATION, DISTRIBUTION, ETC.
Place of publication, distribution, etc. USA
260 ## - PUBLICATION, DISTRIBUTION, ETC.
Name of publisher, distributor, etc. Dutton
260 ## - PUBLICATION, DISTRIBUTION, ETC.
Date of publication, distribution, etc. 2001
300 ## - PHYSICAL DESCRIPTION
Extent 324p;20cm.
653 ## - INDEX TERM--UNCONTROLLED
Uncontrolled term Angels Falling
942 ## - ADDED ENTRY ELEMENTS (KOHA)
Koha item type წიგნი
ეგზემპლარები
Withdrawn status Lost status Damaged status Not for loan Date acquired Barcode Date last seen Price effective from Koha item type
        2018-12-17 35500 2018-12-17 2018-12-17 წიგნი